[Event "Mittelfranken-chTB2a 0910"]
[Site "Mittelfranken"]
[Date "2010.04.18"]
[Round "9.8"]
[White "Sacharenko, Andrej"]
[Black "Weigel, Herbert"]
[Result "0-1"]
[WhiteElo "1709"]
[BlackElo "1941"]
[PlyCount "78"]
[EventDate "2009.10.11"]
[EventType "team-tourn"]
[EventRounds "9"]
[EventCountry "GER"]
[SourceTitle "EXT 2011"]
[Source "ChessBase"]
[SourceDate "2010.11.26"]
[SourceVersion "1"]
[SourceVersionDate "2010.11.26"]
[SourceQuality "1"]
[WhiteTeam "Herzogenaurach"]
[BlackTeam "Zirndorf II"]
[WhiteTeamCountry "GER"]
[BlackTeamCountry "GER"]

1. b4 e6 2. Bb2 Nf6 3. b5 c5 4. c4 d5 5. e3 b6 6. Nf3 Bb7 7. Nc3 Bd6 8. d4 Nbd7 9. Be2 0-0 10. 0-0 Rc8 11. h3 Bb8 12. Ba3 Qc7 13. g3 Rfe8 14. cxd5 cxd4 15. Na4 dxe3 16. d6 exf2+ 17. Rxf2 Qc2 18. Bd3 Qxd1+ 19. Rxd1 Ne4 20. Bxe4 Bxe4 21. Ng5 Bg6 22. Re2 Rc4 23. Nb2 Rc3 24. Bb4 Rxg3+ 25. Rg2 Rxg2+ 26. Kxg2 Rc8 27. Nf3 Be4 28. Kg3 Rc2 29. Rd2 Nc5 30. Bxc5 bxc5 31. Kf4 Rxd2 32. Nxd2 Bd5 33. Nbc4 Kf8 34. a4 Ke8 35. a5 Kd7 36. b6 axb6 37. Nxb6+ Kxd6 38. Ndc4+ Bxc4 39. Nxc4+ Kd5+ 0-1

[Event "Mittelfranken-chTB2a 0910"]
[Site "Mittelfranken"]
[Date "2009.12.06"]
[Round "4.8"]
[White "Gawlas, Gunder"]
[Black "Sacharenko, Andrej"]
[Result "1/2-1/2"]
[WhiteElo "1603"]
[BlackElo "1709"]
[PlyCount "81"]
[EventDate "2009.10.11"]
[EventType "team-tourn"]
[EventRounds "9"]
[EventCountry "GER"]
[SourceTitle "EXT 2011"]
[Source "ChessBase"]
[SourceDate "2010.11.26"]
[SourceVersion "1"]
[SourceVersionDate "2010.11.26"]
[SourceQuality "1"]
[WhiteTeam "Nuernberg NT V"]
[BlackTeam "Herzogenaurach"]
[WhiteTeamCountry "GER"]
[BlackTeamCountry "GER"]

1. e4 c5 2. Nf3 Nc6 3. Nc3 a6 4. d3 e6 5. Be2 g6 6. 0-0 Bg7 7. a4 b6 8. Rb1 Nge7 9. Bg5 Qc7 10. Qd2 h6 11. Bh4 g5 12. Bg3 d6 13. Ne1 0-0 14. f4 gxf4 15. Bxf4 Kh7 16. Bh5 e5 17. Be3 f5 18. exf5 Bxf5 19. Bf3 Rad8 20. Nd5 Nxd5 21. Bxd5 Ne7 22. Be4 Bxe4 23. Rxf8 Bxf8 24. dxe4 Qc6 25. Qf2 Bg7 26. Qh4 Rd7 27. b3 Ng6 28. Qg4 Rf7 29. Nf3 Nf4 30. Nd2 Rf6 31. Bxf4 Rxf4 32. Qe2 b5 33. axb5 axb5 34. Rf1 b4 35. Rxf4 exf4 36. Qg4 Bd4+ 37. Kf1 Be3 38. Qf5+ Kg7 39. Nc4 Qa6 40. Qd7+ Kf6 41. Qxd6+ 1/2-1/2